000 00646nam a2200241Ia 4500
003 OSt
005 20220928103811.0
006 a|||||r|||| 00| 0
007 ta
008 220927b |||||||| |||| 00| 0 eng d
024 _a49204
037 _cTextual
040 _aSDCL
_cSDCL
_beng
041 _2eng
_aeng
082 _aO152,1(Delta25):g, L8
100 _aDubey Radheyshyam
_9407027
245 0 _aSaint-sahitya.
250 _a2nd/1978
260 _aDelhi
_bChaukhambhha Orientalia
_c1978
300 _a242p.
_ccm.
942 _hO152,1(Delta25):g, L8
_cTEXL
_2CC
999 _c722546
_d722546